| 000 | 00517 a2200145 4500 | ||
|---|---|---|---|
| 082 | _aBIT-4 | ||
| 100 |
_aM. Qaiser Anwar _993559 |
||
| 245 |
_aEmployee Management System _cM. Qaiser Anwar |
||
| 260 |
_a Islamabad, _bNUST School of Electrical Engineering & Computer Science, _c2006. |
||
| 300 |
_aiv, 90 p. : _b ill. ; _c27 cm. + _eCD-ROM |
||
| 500 | _aSupervisors : Ms. Fakhra Jabeen, Mr. Shahrzad Khattak. | ||
| 563 | _aHB | ||
| 856 | _uhttp://10.250.8.41:8080/xmlui/handle/123456789/13114 | ||
| 942 |
_cPR _kBIT-4 QAI _2ddc |
||
| 999 |
_c9059 _d9059 |
||